| 000 | 00537nam a22001937a 4500 | ||
|---|---|---|---|
| 999 |
_c174084 _d174084 |
||
| 005 | 20200317113536.0 | ||
| 010 | _aENG-128073 | ||
| 020 |
_a9789389347364 _c795.00 |
||
| 035 | _aEN-111605 | ||
| 037 | _bDBAD/PUB | ||
| 082 | _a621 | ||
| 100 | _aSharma,D.P | ||
| 245 |
_aGATE: _cby D.P. Sharma _bMechanical engineering/ |
||
| 250 | _a2nd. | ||
| 260 |
_aDelhi _bPHI Learning _c2020 |
||
| 270 |
_a111,Patparganj Industrial Estate _b Delhi _e110092 |
||
| 300 |
_avarious pages _c28cm(pbk) |
||
| 942 |
_2ddc _cEN _h621 _mSHA |
||